000 00523nam a2200181 4500
999 _c510337
_d510337
008 190812b ||||| |||| 00| 0 eng d
100 _aKhanai, Suryakumar N.
_98145
245 _aEffect of ISO 9001 standard on organisational performance
260 _c2019
300 _ap.47-56.
650 _aOrganizational performance
_98146
650 _aStandards
_98147
650 _aISO 9001 standard
_98148
700 _aBharamanaikar, Shankargouda
_98149
773 _aAbhigyan
906 _aOrganisation
942 _2ddc
_cAR